| 000 | 00902nam a2200265 a 4500 | ||
|---|---|---|---|
| 003 | BLK | ||
| 005 | 20241017181955.0 | ||
| 007 | ta | ||
| 008 | 221104b bu |||||r|||| 00| | bu d | ||
| 020 | _a9781789893717 | ||
| 040 | _aBLK | ||
| 041 |
_aENG _cENG |
||
| 080 |
_9239781 _aТехника на транспортните средства _b629 _z629 |
||
| 080 |
_9231478 _aИздания за деца и юноши. Книжки-картинки. Читанки. Вж и 372.4 _b087.5 _z087.5 |
||
| 084 | _aJ 74 | ||
| 100 |
_9488475 _aJohnson, Amy |
||
| 245 |
_aBusy machines _bTractors _cAmy Johnson |
||
| 260 |
_9488474 _aThaxted _bMiles Kelly _c2019 |
||
| 300 |
_a24 с. _bс ил. _c26 см |
||
| 380 | _aDN | ||
| 852 |
_bД _cДН 629/J 74 A |
||
| 856 |
_i0.00 _ldisable |
||
| 942 |
_cKNG _n0 _02 |
||
| 944 |
_cМоника Янева _k30551 _lБояна Костадинова _a30570 |
||
| 999 |
_c517710 _d517710 |
||